Situation analysis of children and women in Zimbabwe: (Record no. 130137)

MARC details
000 -LEADER
fixed length control field 00760nam a2200229 a 4500
008 - FIXED-LENGTH DATA ELEMENTS--GENERAL INFORMATION
fixed length control field
049 ## - LOCAL HOLDINGS (OCLC)
Holding library MAIN
090 ## - LOCALLY ASSIGNED LC-TYPE CALL NUMBER (OCLC); LOCAL CALL NUMBER (RLIN)
Classification number (OCLC) (R) ; Classification number, CALL (RLIN) (NR) HQ792.2
Local cutter number (OCLC) ; Book number/undivided call number, CALL (RLIN) SIT
003 - CONTROL NUMBER IDENTIFIER
control field
005 - DATE AND TIME OF LATEST TRANSACTION
control field 20230123122232.0
040 ## - CATALOGING SOURCE
Transcribing agency NUST
245 10 - TITLE STATEMENT
Title Situation analysis of children and women in Zimbabwe:
Remainder of title an update (2011-2014) /
Statement of responsibility, etc. compiled by Marcio A. Carvalho and Kudzai Chatiza.
260 ## - PUBLICATION, DISTRIBUTION, ETC.
Place of publication, distribution, etc. [Harare?] :
Name of publisher, distributor, etc. UNICEF,
Date of publication, distribution, etc. 2015.
300 ## - PHYSICAL DESCRIPTION
Extent xxii, 162 p.:
Other physical details col. ill. ;
Dimensions 30 cm.
500 ## - GENERAL NOTE
General note Includes bibliographical references.
650 ## - SUBJECT ADDED ENTRY--TOPICAL TERM
Topical term or geographic name entry element Women
General subdivision Social conditions.
650 ## - SUBJECT ADDED ENTRY--TOPICAL TERM
Topical term or geographic name entry element Children
General subdivision Social conditions.
700 ## - ADDED ENTRY--PERSONAL NAME
Personal name Chatiza, Kudzai.
700 ## - ADDED ENTRY--PERSONAL NAME
Personal name Carvalho, Marcio A.
907 ## - LOCAL DATA ELEMENT G, LDG (RLIN)
a .b10375934
b 24-05-17
c 28-09-16
942 ## - ADDED ENTRY ELEMENTS (KOHA)
Koha item type Ordinary Loan Books
Call number prefix HQ792.2
Call number suffix SIT
Holdings
Date last seen Total Checkouts Full call number Barcode Cost, replacement price Price effective from Koha item type Lost status Source of classification or shelving scheme Damaged status Not for loan Collection Withdrawn status Home library Current library Shelving location Date acquired Cost, normal purchase price
01/23/2023   HQ792.2 CAR 92004041677 80.00 01/23/2023 BOOKS   LCC     NFIC   MAIN MAIN GEN 01/23/2023 80.00